Počítačové hry a jejich místo v životě člověka /

Hlavní autor: Basler, Jaromír
Korporativní autor: Univerzita Palackého. Pedagogická fakulta
Další autoři: Mrázek, Michal
Jazyk: Čeština
Vydáno: Olomouc : Univerzita Palackého v Olomouci, 2018
Vydání: 1. vydání
Edice: Monografie
Témata:
Fyzický popis: 315 stran : ilustrace (některé barevné) ; 26 cm
Language note: České, anglické a německé resumé
Knihy
Uloženo v:
LEADER 02268nam a2200613 i 4500
001 nkc20183056588
003 CZ PrNK
005 20260424141120.0
007 ta
008 181114s2018 xr a f 000 0 cze
015 |a cnb003056588 
020 |a 978-80-244-5404-7  |q (vázáno) 
035 |a (OCoLC)1089710298 
040 |a ABA001  |b cze  |d BOA001  |e rda 
041 0 |a cze  |b cze  |b eng  |b ger 
072 7 |a 795  |x Elektronické hry  |2 Konspekt  |9 20 
080 |a 795  |2 MRF 
080 |a 004.9:795  |2 MRF 
080 |a 159.9  |2 MRF 
080 |a 616  |2 MRF 
080 |a 614  |2 MRF 
080 |a 37  |2 MRF 
080 |a 373.5.011.3-052  |2 MRF 
080 |a (048.8)  |2 MRF 
100 1 |a Basler, Jaromír  |7 xx0231871  |4 aut 
245 1 0 |a Počítačové hry a jejich místo v životě člověka /  |c Jaromír Basler, Michal Mrázek 
250 |a 1. vydání 
264 1 |a Olomouc :  |b Univerzita Palackého v Olomouci,  |c 2018 
300 |a 315 stran :  |b ilustrace (některé barevné) ;  |c 26 cm 
336 |a text  |b txt  |2 rdacontent 
337 |a bez média  |b n  |2 rdamedia 
338 |a svazek  |b nc  |2 rdacarrier 
490 1 |a Monografie 
500 |a Nad názvem: Univerzita Palackého v Olomouci, Pedagogická fakulta 
504 |a Obsahuje bibliografii 
546 |a České, anglické a německé resumé 
650 0 7 |a počítačové hry  |7 ph124512  |x psychologické aspekty  |2 czenas 
650 0 7 |a počítačové hry  |7 ph124512  |x zdravotní aspekty  |2 czenas 
650 0 7 |a počítačové hry  |7 ph124512  |x pedagogické aspekty  |2 czenas 
650 0 7 |a středoškolští studenti  |7 ph126243  |2 czenas 
650 0 9 |a computer games  |x psychological aspects  |2 eczenas 
650 0 9 |a computer games  |x health aspects  |2 eczenas 
650 0 9 |a computer games  |x educational aspects  |2 eczenas 
650 0 9 |a secondary school students  |2 eczenas 
655 7 |a monografie  |7 fd132842  |2 czenas 
655 9 |a monographs  |2 eczenas 
700 1 |a Mrázek, Michal  |7 xx0231873  |4 aut 
710 2 |a Univerzita Palackého.  |b Pedagogická fakulta  |7 kn20010709375  |4 isb 
810 2 |a Univerzita Palackého.  |t Monografie  |0 s 
910 2 |a BOA001  |b 3-1421.818 
990 |a BK 
995 |a 01 
991 |b 201902  |c NOV 
996 6 |b 2610769890  |c 3-1421.818  |l MZK  |r Sklad / do 1 hodiny  |n 9  |p p.v.  |w 001706650  |u 000010  |a 1  |e BOA001  |j MZK50  |s P